Central Library OPAC University of Rajshahi

ديوان الرصافي ;; Dīwān al-Ruṣāfī al-Balansī / (Record no. 78343)

MARC details
000 -LEADER
fixed length control field 01096cam a2200289 a 4500
001 - CONTROL NUMBER
control field 78343
003 - CONTROL NUMBER IDENTIFIER
rucl marc code BD-RjUL
005 - DATE AND TIME OF LATEST TRANSACTION
control field 20211209083123.0
008 - FIXED-LENGTH DATA ELEMENTS--GENERAL INFORMATION
fixed length control field 210913s1983 le b 001 0 ara d
035 ## - SYSTEM CONTROL NUMBER
System control number (BD-RjUL)78569
040 ## - CATALOGING SOURCE
Original cataloging agency IXA
Transcribing agency IXA
Modifying agency OSU
-- CUY
Language of cataloging eng
041 ## - LANGUAGE CODE
Language code of text/sound track or separate title ara
082 ## - DEWEY DECIMAL CLASSIFICATION NUMBER
Edition number 23
Classification number 892.71
Author mark and year MAD 1983
100 1# - MAIN ENTRY--PERSONAL NAME
Personal name معروف ، الرصافي ;; Maarouf, Al-Rusafi
Dates associated with a name (1877-1945
9 (RLIN) 247697
245 10 - TITLE STATEMENT
Title ديوان الرصافي ;; Dīwān al-Ruṣāfī al-Balansī /
Statement of responsibility, etc. معروف الرصافي ;; Maarouf Al-Rasafi
250 ## - EDITION STATEMENT
Edition statement al-Ṭabʿah 2., mazīdah wa-munaqqaḥah.
260 ## - PUBLICATION, DISTRIBUTION, ETC. (IMPRINT)
Place of publication, distribution, etc. القاهرة :Bayrūt ;
-- al-Qāhirah :
Name of publisher, distributor, etc. المكتبة التجارية الكبرى،,
Date of publication, distribution, etc. 1983.
300 ## - PHYSICAL DESCRIPTION
Pagination v. ; ]575 p.]
Size 25 cm.
490 1# - SERIES STATEMENT
Series statement Dīwān al-shuʿarāʼ al-ʿArab ;
Volume/sequential designation 3
500 ## - GENERAL NOTE
General note Glossary in footnotes.
504 ## - BIBLIOGRAPHY, ETC. NOTE
Bibliography, etc Includes bibliographical references) and indexes.
650 ## - SUBJECT ADDED ENTRY--TOPICAL TERM
Topical term or geographic name as entry element Arabic Poem
9 (RLIN) 247700
700 1# - ADDED ENTRY--PERSONAL NAME
Personal name Al-mugarabi, Abdul Qadir
830 #0 - SERIES ADDED ENTRY--UNIFORM TITLE
Uniform title Dīwān al-shuʿarāʼ al-ʿArab ;
Volume number/sequential designation 3.
942 ## - ADDED ENTRY ELEMENTS (KOHA)
Source of classification or shelving scheme Dewey Decimal Classification
Koha item type Books
Holdings
Lost status Source of classification or shelving scheme Damaged status Not for loan Collection code Permanent Location Current Location Shelving location Date acquired Total Checkouts Full call number Date last seen Koha item type
  Dewey Decimal Classification   Not For Loan Non-fiction Central Library, University of Rajshahi Central Library, University of Rajshahi Reading Room 12/09/2021   892.71 RUD V-1 1958 24/08/2023 Books